000 00630nam 22001693 4500
001 198982
090 _a198982
100 _a20251112d u||y0pory50 ba
200 _aBibliografia analítica das bibliografias portuguesas (.../1974)
_fJorge Peixoto
_gintrodução de Maria da Conceição Osório Gonçalves e Maria Teresa Pinto Mendes
210 _aCoimbra
_cBiblioteca Geral da Universidade de Coimbra
_d1987
215 _a576 p.
_cbrochado
_d24 cm
606 _91270
_aBiblioteconomia
_xBibliotecas
675 _a02
_vPT
_zpor
700 _913882
_aPeixoto
_bJorge
_f1920-
801 _aPT
_bBMMN
_gRPC
830 _cFernando
_fFernando
990 _cLIVROS